Мобильное программное обеспечение: инновации в образовании с целью формирования инженерного портфолио; Инженерное образование; № 16

Bibliografske podrobnosti
Parent link:Инженерное образование: электронный научный журнал/ Ассоциация инженерного образования России (АИОР).— : [Б. и.], 2003-.— 1810-2883
№ 16.— 2014.— [С. 158-162]
Glavni avtor: Chagra Z. C.
Izvleček:Заглавие с титульного листа
В 2011 году Частная высшая школа инженерии и технологий (ESPRIT) приняла решение о необходимости внесения модификаций в учебные планы высшей школы. Сектор мобильного программного обеспечения стал одним из ведущих направлений, появившихся вследствие масштабного анализа нескольких образовательных профилей и инженерных технологий. В данной работе рассмотрена модель обучения инженерии в области мобильного программного обеспечения, основанная на учебном плане для сферы мобильного ПО.
Jezik:ruščina
Izdano: 2014
Serija:Опыт вузов по внедрению CDIO
Teme:
Online dostop:https://old.aeer.ru/files/io/m16/art_22.pdf
Format: Elektronski Book Chapter
KOHA link:https://koha.lib.tpu.ru/cgi-bin/koha/opac-detail.pl?biblionumber=543009

MARC

LEADER 00000naa2a2200000 4500
001 543009
005 20250520140609.0
035 |a (RuTPU)RU\TPU\prd\233638 
035 |a RU\TPU\prd\233627 
090 |a 543009 
100 |a 20150320a2014 k y0rusy50 ca 
101 0 |a rus 
102 |a RU 
135 |a drcn ---uucaa 
181 0 |a i  
182 0 |a b 
200 1 |a Мобильное программное обеспечение: инновации в образовании с целью формирования инженерного портфолио  |b Электронный ресурс  |f Z. C. Chagra 
203 |a Текст  |c электронный 
215 |a 1 файл (397 Кб) 
225 1 |a Опыт вузов по внедрению CDIO 
230 |a Электронные текстовые данные (1 файл : 397 Кб) 
300 |a Заглавие с титульного листа 
320 |a [Библиогр.: с. 162 (4 назв.)] 
330 |a В 2011 году Частная высшая школа инженерии и технологий (ESPRIT) приняла решение о необходимости внесения модификаций в учебные планы высшей школы. Сектор мобильного программного обеспечения стал одним из ведущих направлений, появившихся вследствие масштабного анализа нескольких образовательных профилей и инженерных технологий. В данной работе рассмотрена модель обучения инженерии в области мобильного программного обеспечения, основанная на учебном плане для сферы мобильного ПО. 
337 |a Adobe Reader 
461 1 |0 (RuTPU)RU\TPU\prd\176632  |x 1810-2883  |t Инженерное образование  |o электронный научный журнал  |f Ассоциация инженерного образования России (АИОР)  |n [Б. и.]  |d 2003- 
463 1 |0 (RuTPU)RU\TPU\prd\1188  |t № 16  |v [С. 158-162]  |d 2014 
610 1 |a инженерное образование 
610 1 |a электронный ресурс 
610 1 |a CDIO 
610 1 |a программное обеспечение 
610 1 |a инновации 
610 1 |a образовательные программы 
610 1 |a инженерные технологии 
700 1 |a Chagra  |b Z. C. 
801 1 |a RU  |b 63413507  |c 20090623  |g PSBO 
801 2 |a RU  |b 63413507  |c 20180426  |g PSBO 
856 4 |u https://old.aeer.ru/files/io/m16/art_22.pdf 
942 |c BK